Ordenanzas y anuario universitario 1995
Kaydedildi:
| Müşterek Yazar: | |
|---|---|
| Materyal Türü: | Kitap |
| Dil: | İspanyolca |
| Baskı/Yayın Bilgisi: |
San José
Universidad Autónoma de Centro América
1995
|
| Konular: | |
| Etiketler: |
Etiketle
Etiket eklenmemiş, İlk siz ekleyin!
|
MARC
| LEADER | 00000nam a2200000 a 4500 | ||
|---|---|---|---|
| 001 | UCY7837 | ||
| 003 | CL-VaPUC | ||
| 008 | 950622e19950000CR |||||||||||||||||spa|d | ||
| 082 | 0 | 4 | |a 378 |b UNI |2 21 |
| 110 | 2 | |a Universidad Autónoma de Centro América |e author |9 338680 | |
| 245 | 1 | 0 | |a Ordenanzas y anuario universitario 1995 |
| 300 | |a 773 p | ||
| 942 | |c BK | ||
| 945 | |d 19950622 00:00:00 |a rbrito | ||
| 260 | |a San José |b Universidad Autónoma de Centro América |c 1995 | ||
| 600 | 0 | 7 | |a UNIVERSIDAD AUTONOMA DE CENTRO AMERICA |2 CL-VaPUC |9 338681 |
| 650 | 0 | |a Educación superior |9 223851 | |
| 650 | 7 | |a REGLAMENTACIONES |2 CL-VaPUC |9 338372 | |
| 650 | 0 | |a Historia |9 255047 | |
| 583 | |a last modification |c 19950622 00:00:00 |k Rodrigo Vera | ||
| 999 | |c 235141 |d 235139 | ||
| 952 | |0 0 |1 0 |4 0 |6 378_000000000000000_UNI_1995 |7 0 |8 P |9 242353 |a BIBEDU |b BIBEDU |c BIBEDU_PB |d 2019-11-18 |i 3095142 |o 378 UNI 1995 |p 3095142 |r 2024-01-25 |w 2019-11-18 |y BK |k EDU | ||